A Textbook on Principal of Agricultural Economics And Farm Management (Record no. 90279)
[ view plain ]
| 000 -LEADER | |
|---|---|
| fixed length control field | 00557nam a22001697a 4500 |
| 005 - DATE AND TIME OF LATEST TRANSACTION | |
| control field | 20260509125037.0 |
| 008 - FIXED-LENGTH DATA ELEMENTS--GENERAL INFORMATION | |
| fixed length control field | 260509b |||||||| |||| 00| 0 eng d |
| 020 ## - INTERNATIONAL STANDARD BOOK NUMBER | |
| International Standard Book Number | 9789372127379 |
| 040 ## - CATALOGING SOURCE | |
| Original cataloging agency | SGVU Library |
| Transcribing agency | SGVU Library |
| 082 ## - DEWEY DECIMAL CLASSIFICATION NUMBER | |
| Edition number | 22 |
| Classification number | 338.1 |
| Item number | ROR A |
| 100 ## - MAIN ENTRY--PERSONAL NAME | |
| Personal name | Rout Rajendra Kumar |
| 9 (RLIN) | 40304 |
| 245 ## - TITLE STATEMENT | |
| Title | A Textbook on Principal of Agricultural Economics And Farm Management |
| Medium | English |
| 260 ## - PUBLICATION, DISTRIBUTION, ETC. | |
| Place of publication, distribution, etc. | New Delhi , India |
| Name of publisher, distributor, etc. | Kalyani Publishers |
| Date of publication, distribution, etc. | 2026 |
| 300 ## - PHYSICAL DESCRIPTION | |
| Extent | 10.59p |
| Other physical details | PB |
| 650 ## - SUBJECT ADDED ENTRY--TOPICAL TERM | |
| Topical term or geographic name entry element | Agriculture |
| Chronological subdivision | G4762 |
| 9 (RLIN) | 40305 |
| 942 ## - ADDED ENTRY ELEMENTS (KOHA) | |
| Source of classification or shelving scheme | Dewey Decimal Classification |
| Koha item type | Books |
| Call number prefix | 338.1 ROR A |
| Withdrawn status | Lost status | Source of classification or shelving scheme | Damaged status | Not for loan | Home library | Current library | Date acquired | Source of acquisition | Cost, normal purchase price | Total Checkouts | Full call number | Barcode | Date last seen | Cost, replacement price | Price effective from | Koha item type |
|---|---|---|---|---|---|---|---|---|---|---|---|---|---|---|---|---|
| Dewey Decimal Classification | Suresh Gyan Vihar University Library | Suresh Gyan Vihar University Library | 09/05/2026 | KALYANI PUBLISHERS | 395.00 | 338.1 ROR A | G4762 | 09/05/2026 | 395.00 | 09/05/2026 | Books |




